50 Greatest MLB Players - Statistics

General Stats
  • This quiz has been taken 614 times
  • The average score is 34 of 50
Answer Stats
Teams Pos Players % Correct
New York Yankees RF Babe Ruth
98%
San Francisco Giants LF Barry Bonds
96%
San Francisco Giants CF Willie Mays
95%
Atlanta Braves RF Hank Aaron
91%
New York Yankees 1B Lou Gehrig
88%
Boston Red Sox LF Ted Williams
88%
Seattle Mariners CF Ken Griffey Jr.
87%
New York Yankees CF Mickey Mantle
87%
Arizona Diamondbacks SP Randy Johnson
87%
Washinton Senators SP Walter Johnson
86%
Detroit Tigers CF Ty Cobb
85%
New York Yankees SS Derek Jeter
83%
Atlanta Braves SP Greg Maddux
82%
Baltimore Orioles SS Cal Ripken Jr.
81%
St. Louis Cardinals 1B/OF Stan Musial
79%
Cincinnati Reds C Johnny Bench
76%
New York Yankees C Yogi Berra
76%
New York Yankees CF Joe DiMaggio
75%
Philadelphia Phillies 3B Mike Schmidt
75%
Pittsburgh Pirates RF Roberto Clemente
75%
New York Yankees 3B Alex Rodriguez
74%
Cleveland Spiders SP Cy Young
74%
Oakland Athletics LF Rickey Henderson
74%
Los Angeles Dodgers SP Sandy Koufax
74%
Pittsburgh Pirates SS Honus Wagner
73%
St. Louis Cardinals 1B/DH Albert Pujols
72%
Cincinnati Reds IF/OF Pete Rose
72%
Kansas City Royals 3B George Brett
70%
Boston Red Sox SP Roger Clemens
70%
Boston Red Sox SP Pedro Martinez
69%
New York Mets SP Tom Seaver
69%
Houston Astros SP Nolan Ryan
68%
Baltimore Orioles RF Frank Robinson
67%
St. Louis Cardinals SP Bob Gibson
65%
Boston Red Sox LF Carl Yastrzemski
63%
Cincinnati Reds 2B Joe Morgan
62%
Atlanta Braves 3B Eddie Mathews
61%
St. Louis Cardinals 2B Rogers Hornsby
59%
Philadelphia Athletics C/1B Jimmie Foxx
55%
Philadelphia Phillies SP Steve Carlton
55%
Cleveland Indians SP Bob Feller
51%
Atlanta Braves SP Warren Spahn
50%
San Francisco Giants SP Christy Mathewson
49%
San Francisco Giants RF Met Ott
42%
Cleveland Naps 2B Nap Lajoie
42%
Detroit Tigers 1B Hank Greenberg
40%
Philadelphia Athletics SP Lefty Grove
37%
Philadelphia Athletics CF Tris Speaker
35%
Philadelphia Phillies SP Grover Cleveland Alexander
32%
Philadelphia Athletics 2B Eddie Collins
22%
No matching quizzes found
Score Distribution
Percent of People with Each Score
Percentile by Number Answered
Your Score History
You have not taken this quiz